Escritores y poetas de España

Guardat en:
Dades bibliogràfiques
Autor principal: Vossler, Karl
Format: Llibre
Idioma:Undetermined
Publicat: Madrid, España Espasa-Calpe 1944
Matèries:
Etiquetes: Afegir etiqueta
Sense etiquetes, Sigues el primer a etiquetar aquest registre!

MARC

LEADER 00000nam a2200000Ia 4500
008 170316s9999 xx 000 0 und d
999 |c 25966  |d 25966 
040 |a cru BVZT 
090 |a 862 V-29e 
100 |a Vossler, Karl 
245 |a Escritores y poetas de España 
260 |a Madrid, España 
260 |b Espasa-Calpe 
260 |c 1944 
300 |a 181 páginas 
650 |a LITERATURA ESPAÑOLA  |9 23 
942 |c 15 D  |h 862 V-29e  |2 z